Statistiques concernant Drapeaux des pays commençants par A

Cliquez ici pour prendre le quiz!

Statistiques générales

  • Ce quiz a été pris 236 fois
  • Le résultat moyen est 13 sur 14

Statistiques - réponses

Réponse% Correct
Albanie
99%
Arabie Saoudite
99%
Argentine
99%
Afrique du Sud
98%
Algérie
98%
Allemagne
98%
Australie
98%
Autriche
96%
Andorre
95%
Arménie
93%
Angola
91%
Afghanistan
90%
Azerbaïdjan
85%
Antigua-et-Barbuda
82%

Distribution des résultats

Percentile par nombre de réponses

% des personnes avec chaque résultat

Votre développement - résultats

Vous n’avez pas pris ce quiz